00423nam a2200157Ia 450000500170000000800410001703700130005804000200007104100130009108400190010410000140012324500700013725000060020726000430021330000090025620250326140515.0250326s9999 xx 000 0 und d aTextbook aFMSLbengcFMSL aeng2eng aX:89A N4qFMSL aBuffa E S 0aModern production and operations managementcBuffa E S; Sarin R K a8 aNew YorkbNew York, . John Wileyc1994 a834p